|
|
|
|
| LEADER |
00000nkm a2200000 a 4500 |
| 001 |
vtls011918026 |
| 003 |
SK-MaSNL |
| 005 |
20260512124848.0 |
| 007 |
kp bo |
| 008 |
240131s1957 xo g kuslo |
| 015 |
|
|
|a SNBG1957
|
| 035 |
|
|
|a urn:nbn:sk:snk-km00egcq
|
| 035 |
|
|
|a urn:nbn:sk:snk-km43cny
|
| 035 |
|
|
|a 6C7D5478-ED7D-4C38-9FFA-DBFF5B282398
|
| 040 |
|
|
|a SNK
|b slo
|c SNK
|e AACR2
|
| 041 |
0 |
|
|a slo
|
| 043 |
|
|
|a e-xo---
|
| 044 |
|
|
|a xo
|c SK
|
| 072 |
|
7 |
|a 913
|x Regionálna geografia
|2 konspekt
|
| 080 |
|
|
|a 913(437.6)
|2 2011
|
| 080 |
|
|
|a 728.82
|2 2011
|
| 080 |
|
|
|a 904(084.121)
|2 2011
|
| 080 |
|
|
|a 904:72
|2 2011
|
| 100 |
1 |
|
|a Absolon, Zoltán,
|d 1934-
|4 pht
|9 42552
|
| 245 |
1 |
0 |
|a Betliar - celkový pohľad
|h grafika
|c foto: Z. Absolón
|
| 260 |
|
|
|a Bratislava
|b Pressfoto
|c 1957
|
| 300 |
|
|
|a 1 pohľadnica
|b čiernobiela
|c 9 x 13 cm
|
| 520 |
8 |
|
|a Zobrazenie: Pohľad z parku, spredu na budovu kaštieľa. Vežičky budovy, ktoré sa nachádzajú po bokoch, sú čiastočne obrastené popínavými rastlinami. Vľavo od budovy sú stromy. V popredí je kruhovitý trávnik a vľavo od neho striekajúca fontána. V popredí vpravo je časť stromu. V ľavej časti po celej výške pohľadnice sa nachádza biely rámček
|
| 610 |
1 |
7 |
|a Betliar (Slovensko : kaštieľ)
|2 SNKKA
|9 32011
|
| 650 |
0 |
7 |
|a kaštiele
|2 SNKPH
|9 28599
|
| 650 |
0 |
7 |
|a národné kultúrne pamiatky
|2 SNKPH
|9 31192
|
| 651 |
|
7 |
|a Betliar (Slovensko)
|2 SNKPHgeo
|9 20285
|
| 655 |
|
7 |
|a miestne pohľadnice
|2 SNKPH
|9 70510
|
| 655 |
|
7 |
|a pohľadnice kultúrnych pamiatok
|2 SNKPH
|9 70523
|
| 852 |
|
|
|a Slovenská národná knižnica
|
| 958 |
|
|
|a GBN
|
| 958 |
|
|
|a GC
|
| 958 |
|
|
|a OND
|
| 958 |
|
|
|a EUIPO
|
| 999 |
|
|
|c 950618
|d 952548
|
| 952 |
|
|
|a SNK
|b SNK
|y PREZ
|7 0
|p 17A1380666
|o snkSP 131220
|z Pohľadnica prešla poštou. ; Jeden okraj je zúbkovaný.
|0 0
|1 0
|4 0
|d 2020-02-17
|f 1
|l 0
|r 2026-02-24 09:47:05
|w 2026-02-24
|